Sur une façon de définir, sans dualité, l'espace des distributions tempérées sur la droite et la transformation de Fourier /
Guardado en:
| Autor Principal: | |
|---|---|
| Formato: | Libro |
| Idioma: | French |
| Publicado: |
Porto :
Instituto de Alta Cultura,
1959.
|
| Series: | Publicações do Centro de Estudos Matemáticos do Porto ;
no. 38 |
| Etiquetas: |
Agregar Etiqueta
Sin Etiquetas, Sea el primero en etiquetar este registro!
|
| LEADER | 00673nam a22001575a 4500 | ||
|---|---|---|---|
| 001 | MAT.inmabb000588 | ||
| 008 | 031118s1959####po############000#0#fre#d | ||
| 005 | 20170801171334.0 | ||
| 245 | 1 | 0 | |a Sur une façon de définir, sans dualité, l'espace des distributions tempérées sur la droite et la transformation de Fourier / |c par A. Andrade Guimaraes. |
| 260 | |a Porto : |b Instituto de Alta Cultura, |c 1959. | ||
| 300 | |a p. 126-153 | ||
| 440 | 0 | |a Publicações do Centro de Estudos Matemáticos do Porto ; |v no. 38 | |
| 500 | |a Separata de Portugaliae Mathematica, v. 18, fasc. 3, 1959. | ||
| 100 | 1 | |a Andrade Guimaraes, A. | |
| 084 | |a 42-XX |2 msc2000 | ||
| 859 | |h 42 |i An553 |p A-384 |b BIB. MATEMATICA | ||
